| 000 | 00869nam a2200241Ia 4500 | ||
|---|---|---|---|
| 003 | GCL | ||
| 008 | 140319s9999 xx 000 0 ara d | ||
| 040 |
_aGCL / _cGCL |
||
| 082 | 0 | 4 |
_a811.1 _bع د |
| 100 | 1 | _aمحمد حمود | |
| 245 | 1 | 0 |
_aديوان عنترة بن شداد / _cمحمد حمود |
| 700 | 1 | _aعنترة العبسى، عنترة بن شداد بن عمرو، - 600م | |
| 250 | _aالاولى | ||
| 260 |
_aبيروت : _bدار الفكر اللبنانى ، _c1996 |
||
| 300 |
_a199 ص ؛ _c24 سم |
||
| 490 |
_aدواوين العرب _v0 |
||
| 650 | 0 | 4 | _aالشعر العربى |
| 650 | 0 | 4 | _aالشعراء العرب |
| 650 | 0 | 4 | _aعنترة بن شداد |
| 650 | 0 | 4 | _aالشعر العربى - دواوين وقصائد |
| 650 | 0 | 4 | _aالشعر العربى - تاريخ ونقد - العصر الجاهلى |
| 942 |
_2ddc _cBK |
||
| 999 |
_c4706 _d4706 |
||